| 000 | 00470nam a2200133 a 4500 | ||
|---|---|---|---|
| 008 | 120416s1971 ||||||||||||||||| || u | ||
| 050 | _aTK 7876 Soo | ||
| 100 | _aSoohoo, Ronald F | ||
| 245 | 1 | 0 | _aMicrowave electronics |
| 260 |
_aReading,Mass. _bAddison-Wesley _c1971 |
||
| 300 | _ax,276p. : ill. | ||
| 350 | _a0.00 | ||
| 995 |
_D0.00 _FCBU-MAIN LIBRARY (Kitwe) _H1 _I9.10 _UAVAILABLE _ZMain Library Open Access Collection |
||
| 999 |
_c51171 _d51171 |
||